Investment policy and performance of mutual funds / (Record no. 5439)
[ view plain ]
| 000 -LEADER | |
|---|---|
| fixed length control field | 00667nam a22002297a 4500 |
| 001 - CONTROL NUMBER | |
| control field | 5439 |
| 003 - CONTROL NUMBER IDENTIFIER | |
| rucl marc code | BD-RjUL 5475 |
| 005 - DATE AND TIME OF LATEST TRANSACTION | |
| control field | 20211208234051.0 |
| 008 - FIXED-LENGTH DATA ELEMENTS--GENERAL INFORMATION | |
| fixed length control field | 131226s1998 ii a|||| b|||| 001 0 eng d |
| 020 ## - INTERNATIONAL STANDARD BOOK NUMBER | |
| International Standard Book Number | 8173912432 |
| 035 ## - SYSTEM CONTROL NUMBER | |
| System control number | (BD-RjUL) |
| 040 ## - CATALOGING SOURCE | |
| Original cataloging agency | BD-RjUL |
| Language of cataloging | eng |
| Transcribing agency | BD-RjUL |
| 041 ## - LANGUAGE CODE | |
| Language code of text/sound track or separate title | eng |
| 082 ## - DEWEY DECIMAL CLASSIFICATION NUMBER | |
| Edition number | 22 |
| Classification number | 332.6327 |
| Author mark and year | JAI 1998 |
| 100 ## - MAIN ENTRY--PERSONAL NAME | |
| Personal name | Jayadev, M. |
| 9 (RLIN) | 17084 |
| 245 ## - TITLE STATEMENT | |
| Title | Investment policy and performance of mutual funds / |
| Statement of responsibility, etc. | M Jayadev |
| 260 ## - PUBLICATION, DISTRIBUTION, ETC. (IMPRINT) | |
| Place of publication, distribution, etc. | New Delhi : |
| Name of publisher, distributor, etc. | Kanishka Publishers, |
| Date of publication, distribution, etc. | 1998. |
| 300 ## - PHYSICAL DESCRIPTION | |
| Pagination | ix, 332 p. : |
| Illustrations | ill; |
| Size | 22 cm. |
| 504 ## - BIBLIOGRAPHY, ETC. NOTE | |
| Bibliography, etc | Includes bibliographical references and index. |
| 650 ## - SUBJECT ADDED ENTRY--TOPICAL TERM | |
| Topical term or geographic name as entry element | Mutual funds. |
| 9 (RLIN) | 17085 |
| 942 ## - ADDED ENTRY ELEMENTS (KOHA) | |
| Source of classification or shelving scheme | Dewey Decimal Classification |
| Koha item type | Books |
| Lost status | Source of classification or shelving scheme | Damaged status | Not for loan | Collection code | Permanent Location | Current Location | Shelving location | Date acquired | Source of acquisition | Cost, normal purchase price | Total Checkouts | Full call number | Date last seen | Copy number | Koha item type |
|---|---|---|---|---|---|---|---|---|---|---|---|---|---|---|---|
| Dewey Decimal Classification | Non-fiction | Central Library, University of Rajshahi | Central Library, University of Rajshahi | 03/02/2008 | paragon Interprises Dhaka | 595.00 | 332.6327 JAI 1998 | 26/12/2013 | C-4 | Books | |||||
| Dewey Decimal Classification | Non-fiction | Central Library, University of Rajshahi | Central Library, University of Rajshahi | 03/02/2008 | Dhaka, Prakashani ltd. | 595.00 | 332.6327 JAI 1998 | 26/06/2016 | C-2 | Books | |||||
| Dewey Decimal Classification | Non-fiction | Central Library, University of Rajshahi | Central Library, University of Rajshahi | 03/02/2008 | Dhaka paragon ent. | 595.00 | 332.6327 JAI 1998 | 04/09/2016 | C-3 | Books | |||||
| Dewey Decimal Classification | Not For Loan | Non-fiction | Central Library, University of Rajshahi | Central Library, University of Rajshahi | Reading Room | 03/02/2008 | Paragogn Enterprise, Dhaka | 595.00 | 332.6327 JAI 1998 | 20/12/2016 | C-1 | Books |